| 000 | 01239nam a22003497a 4500 | ||
|---|---|---|---|
| 003 | CHAP | ||
| 005 | 20220329140114.0 | ||
| 008 | 971013s1981 r 00010 d | ||
| 010 | _a47015 | ||
| 011 | _a47987 | ||
| 035 | _a52131 | ||
| 040 | _cCHAP | ||
| 090 | _aTesis | ||
| 100 | 0 | 0 |
_aValdes Palacios, Mario Gerardo. _9117257 |
| 245 | _aComparación de raciones a base de sorgo (Sorghum vulgare L.) pasta de soya (Glycine max L.) y sorgo-soya integral en iniciación de pollos de engorda | ||
| 260 |
_a(Monterrey, N.L.) : _bEl autor, _c1981 |
||
| 300 | _a58 h. | ||
| 502 | _aTesis (Ing. Agrónomo Zootecnista) -- ITESM. Div. de Ciencias Agropecuarias y Marítimas | ||
| 590 |
_aALEPH _b10 _c20130110 _lUCH01 _h1316 |
||
| 590 |
_aBATCH-UPD _b10 _c20130110 _lUCH01 _h0255 |
||
| 590 |
_aBATCH-UPD _b10 _c20130110 _lUCH01 _h1114 |
||
| 590 |
_aBATCH-UPD _b10 _c20130409 _lUCH01 _h2326 |
||
| 590 |
_aBATCH-UPD _b10 _c20130914 _lUCH01 _h0445 |
||
| 590 |
_aCONVERSION _b10 _c20130109 _lUCH01 _h1326 |
||
| 650 | 1 | 4 |
_aAves de corral _xAlimentación. _98638 |
| 650 | 1 | 4 |
_aAves de corral _xEngorda. _98647 |
| 650 | 1 | 4 |
_aPasta de soya. _985904 |
| 650 | 1 | 4 |
_aSorgo. _9108622 |
| 901 | _aBK | ||
| 942 | _cTESIS | ||
| 949 |
_bBC _cTES _d-116299 _eTS1 _i52131 _si |
||
| 999 |
_c47015 _d47015 |
||